Les noms d'oiseaux par lettres -B - Statistiques

Statistiques générales
  • Ce quiz a été pris 157 fois
  • Le résultat moyen est 17 sur 53
Statistiques - réponses
Par images Réponse % Correct
Buse
95%
Bécasse
88%
Bernache
79%
Bécassin
75%
Bergeronnette
75%
Bouvreuil
74%
Busard
71%
Balbuzard
67%
Bec-croisé
65%
Butor
65%
Bécassine
63%
Bec-en-sabot
60%
Bécasseau
59%
Bruant
59%
Bihoreau
53%
Blongios
46%
Bondrée
46%
Bec-en-ciseaux
44%
Barge
41%
Bateleur
38%
Barbican
33%
Bec-ouvert
33%
Bulbul
33%
Barbu
31%
Bec-en-faucille
31%
Brève
28%
Bucorve
27%
Batara
26%
Baza
26%
Bec-en-croc
26%
Barbacou
25%
Bécarde
25%
Bec d'ibis
23%
Busautour
22%
Brillant
20%
Basilorne
9%
Bengali
8%
Brachyptère
6%
Bouscarle
5%
Bartramie
4%
Brassemer
4%
Barbion
3%
Bambusicole
1%
Beaumarquet
1%
Bec-en-cheville
1%
Brubru
1%
Bruselin
1%
Barite
0%
Bathmocerque
0%
Bec-en-arc
0%
Brachycope
0%
Brachyptérolle
0%
Bradybate
0%
Aucun quiz correspondant
Distribution des résultats
% des personnes avec chaque résultat
Percentile par nombre de réponses
Votre historique - résultats
Vous n’avez pas pris ce quiz